000 00459nam a2200157Ia 4500
008 151213s9999 xx 000 0 und d
100 _aGorge Stopper , David Kelly
245 _aOutlines of Muhammadan Law
_cGorge Stopper , David Kelly
250 _a7th
260 _aU S A
_bCakendish Publishing Ltd,
_c2004
300 _a3625 p.
650 _aEnglish Literature
650 _aEnglish Literature
700 _aGorge Stopper , David Kelly
999 _c2419
_d2419